00330nam a2200121Ia 4500008004100000041000800041082001400049100001800063245004500081260003900126300003200165365001100197240624s9999 xx 000 0 und d aeng a658.3 BAT aBATES SUZANNE aMOTIVATE LIKE A CEO COMMUNICATE YOUR STR c2009aNew DelhibTata McGraw- Hill aviii, : 278 : p. : cm. ; 23 cRSb30